000 00689nam a2200265Ia 4500
005 20260121165651.0
008 008 260114s9999 xx 000 0 eng d
020 _a9783319443416
037 _aEBOOK
040 _aCRL
040 _beng
040 _cCRL
041 _2eng
041 _aeng
084 _qCRL
100 _aSokratis Katsikas, Costas Lambrinoudakis, Steven Furnell
_91054557
245 0 _aTrust, Privacy and Security in Digital Business
260 _bSpringer
260 _bSpringer
260 _c2016
856 _uhttps://link.springer.com/openurl?genre=book&isbn=978-3-319-44341-6
942 _cEBOOK
999 _c1620283
_d1620283